00569 2200169 4500001002100000005001500021035002000036008003900056245010600095100001800201260006300219300002400282084001800306082000800324650004700332990002000379INLIS00000000000663320251008094008 a0010-1025000176251008 | | | 1 aPengaruh Pupuk Rosasol-N Terhadap Pertumbuhan dan Hasil Seledri (Apium graveolens L.) /cSiti Rusmini aRusmini, Siti aTenggarong :bFAPERTA-Universitas Kutai Kartanegara,c2016 a35 hlm. ;c21x30 cm a630 RUS P C.1 a630 4aUsaha Tani, Pertanian, Teknologi Pertanian a190313110009900